Canciones número 1 en España: 2020s - Estadísticas

Estadísticas generales
  • Esta prueba ha sido intentada 8.975 veces
  • La puntuación promedio es 59 de 76
Estadísticas de respuestas
Año Canción País Intérprete % Correcto
2023 TQG Colombia Karol G, Shakira
98%
2020 La noche de anoche PR / España Bad Bunny, Rosalía
97%
2020 Hasta que Dios diga PR Anuel AA, Bad Bunny
96%
2022 La jumpa EEUU / PR Arcángel, Bad Bunny
96%
2023 Monaco PR Bad Bunny
96%
2023 Where She Goes PR Bad Bunny
96%
2022 Tití me preguntó PR Bad Bunny
96%
2022 Moscow Mule PR Bad Bunny
96%
2020 Pa' romperla PR Bad Bunny, Don Omar
96%
2020/21 Dakiti PR Bad Bunny, Jhay Cortez
96%
2020 Safaera PR Bad Bunny, Jowell & Randy, Ñengo Flow
96%
2022 Mamiii EEUU / Colombia Becky G, Karol G
96%
2024 Si antes te hubiera conocido Colombia Karol G
96%
2020 Tusa Colombia / TT Karol G, Nicki Minaj
96%
2023 Polaris (Remix) España / Colombia / PR Saiko, Feid, Quevedo, Mora
96%
2022 Cayó la noche (Remix) España La Pantera, Quevedo, Juseph, Cruz Cafuné, Abhir Hathi
95%
2023 El tonto España Lola Índigo, Quevedo
95%
2022 Apa PR / España Mora, Quevedo
95%
2024 La última España Quevedo
95%
2023 Columbia España Quevedo
95%
2022 BZRP Music Sessions, Vol. 52 (Quédate) España Quevedo
95%
2022 Playa del Inglés España / PR Quevedo, Myke Towers
95%
2023 Buenas España Quevedo, Saiko
95%
2020 La nota Colombia / PR Manuel Turizo, Rauw Alejandro, Myke Towers
92%
2023 Beso España / PR Rosalía, Rauw Alejandro
92%
2020 Mamichula Argentina Trueno, Nicki Nicole, Bizarrap
92%
2021 La Fama España / Canadá Rosalía, The Weeknd
90%
2020 TKN España / EEUU Rosalía, Travis Scott
90%
2022 Despechá España Rosalía
89%
2022 Candy España Rosalía
89%
2023 Reina PR / España Mora, Saiko
87%
2020 La jeepeta (Remix) PR Nio García, Anuel AA, Myke Towers, Juanka, Brray
87%
2021 Pareja del año Colombia / PR Sebastián Yatra, Myke Towers
85%
2021 Ella no es tuya RD / PR / Argentina Rochy RD, Myke Towers, Nicki Nicole
83%
2024 Santa Jamaica / PR / Nigeria Rvssian, Rauw Alejandro, Arya Starr
83%
2023 Acróstico Colombia Shakira
83%
2023 BZRP Music Sessions, Vol. 53 Colombia Shakira
83%
2021 Ateo España C. Tangana, Nathy Peluso
81%
2024 BadGyal España / PR Saiko, JC Reyes, Dei V
81%
2024 Real Gangsta Love Argentina Trueno
81%
2020 Demasiadas mujeres España C. Tangana
80%
2020 Nunca estoy España C. Tangana
80%
2021 Ingobernable España / Francia C. Tangana, Gypsy Kings
80%
2020 Tú me dejaste de querer España C. Tangana, Niño de Elche, La Húngara
80%
2021 Mon Amour (Remix) España Zzoilo, Aitana
79%
2023 Lala PR Myke Towers
78%
2021 Bandido PR Myke Towers, Juhn
78%
2023 BZRP Music Sessions, Vol. 56 PR Rauw Alejandro
78%
2021 Todo de ti PR Rauw Alejandro
78%
2022 Desesperados PR Rauw Alejandro, Chencho Corleone
78%
2023 Supernova España Saiko
77%
2023/24 Manos rotas España Dellafuente, Morad
76%
2022/23 La bachata Colombia Manuel Turizo
74%
2021/22 Pelele España Morad
74%
2021 BZRP Music Sessioons, Vol. 47 España Morad
74%
2020 El manual PR Anuel AA
69%
2020 Hawái Colombia Maluma
67%
2024 Fardos España / EEUU JC Reyes, De la Ghetto
64%
2020 Agua PR / Colombia Tainy, J Balvin
64%
2020 Amarillo Colombia J Balvin
63%
2022 SloMo España Chanel
61%
2022 Pantysito Colombia, PR Feid, Alejo, Robi
61%
2024 Luna Colombia / EEUU Feid, ATL Jacob
61%
2020 Caramelo PR Ozuna
59%
2021 Pepas PR Farruko
58%
2022 BZRP Music Sessions, Vol. 50 Argentina Duki
56%
2022 BZRP Music Sessions, Vol. 23 Argentina Paulo Londra
55%
2022 Plan A Argentina Paulo Londra
55%
2024 El conjuntito España El Bobe, Omar Montes
48%
2023 Si no estás España Íñigo Quintero
39%
2020 Pam EEUU / PR / RD Justin Quiles, Daddy Yankee, El Alfa
38%
2024 Potra salvaje España Isabel Aaiún
36%
2021 Fiel PR Los Legendarios, Wisin, Jhay Cortez
35%
2024 X'clusivo EEUU Gonzy
29%
2022 Ay mamá España Rigoberta Bandini
28%
2024 BZRP Music Sessions, Vol. 58 PR Young Miko
28%
No se encontraron pruebas coincidentes
Distribución de puntuación
Porcentaje de gente con cada puntuación
Porcentaje por número respondido
Historial de tus puntuaciones
No has intentado esta prueba.